00720nam a2200229 a 450000500170000000800410001701000170005802000260007503500170010104000180011808200130013610000170014924500810016626000380024726000340028527000440031927000440036330000390040750000060044660000200045270000180047220071231103130.0080909t xxu||||| |||| 00| 0 eng d aB-260810-828 c245.00a9788178690339 aB-260810-828 aDPLbEnglish  a641.5882 aMehta, Nita  aNita Mehta's tandoori cooking in the oven /cby Nita Mehta [and] Tanya Mehta aNew Delhi bSNAB Publishersc2007 aDelhi bUniversity Book Houes a3A/3 Asaf Ali Road, bNew Delhie110002 a15, U.B. Bunglow Road, bDelhi e110007 a126p.:c23 cm (pbk) bcol. photos  a  aDas, J.P. 1936- aMehta, Tanya